Name A Muslim Country A-Z - Statistics

General Stats
  • This quiz has been taken 366 times
    363 since last reset
  • The average score is 18 of 19
Answer Stats
Letter Country % Correct
A Afghanistan | Albania | Algeria | Azerbaijan
99%
B Bahrain | Bangladesh | Bosnia and Herzegovina | Brunei | Burkina Faso
98%
S Saudi Arabia | Senegal | Sierra Leone | Somalia | Sudan | Syria
98%
Y Yemen
98%
K Kazakhstan | Kosovo | Kuwait | Kyrgyzstan
97%
O Oman
97%
I Indonesia | Iran | Iraq
96%
Q Qatar
96%
T Tajikistan | Tunisia | Türkiye | Turkmenistan
96%
M Malaysia | Maldives | Mali | Mauritania | Morocco
95%
L Lebanon | Libya
94%
U United Arab Emirates | Uzbekistan
94%
J Jordan
92%
P Pakistan
89%
D Djibouti
87%
C Chad | Comoros
86%
E Egypt
85%
N Niger
84%
G Gambia | Guinea
80%
No matching quizzes found
Score Distribution
Percent of People with Each Score
Percentile by Number Answered
Your Score History
You have not taken this quiz since the last reset